Impact Of ICT on Library System/ (Record no. 211106)

MARC details
000 -LEADER
fixed length control field 00538nam a22001817a 4500
005 - DATE AND TIME OF LATEST TRANSACTION
control field 20250430105051.0
010 ## - LCCN (DPL NO)
LC control number ENG-144761
020 ## - INTERNATIONAL STANDARD BOOK NUMBER
Terms of availability 9789390951635
035 ## - SYSTEM CONTROL NUMBER
System control number EN-128293
037 ## - SOURCE OF ACQUISITION
Source of stock number/acquisition DBAD
082 ## - DEWEY DECIMAL CLASSIFICATION NUMBER
Classification number 027.7
245 ## - TITLE STATEMENT
Title Impact Of ICT on Library System/
Statement of responsibility, etc Edited by, kalpana Gayakwad
260 ## - PUBLICATION, DISTRIBUTION, ETC. (IMPRINT)
Place of publication, distribution, etc Noida
Name of publisher, distributor, etc Allied Publishers Private Limited
Date of publication, distribution, etc 2023
270 ## - ADDRESS
Address D-5, Sector-2, Noida
City Noida
Postal code 201301
300 ## - PHYSICAL DESCRIPTION
Extent xi169P.
Dimensions 23(Pb)
700 ## - ADDED ENTRY--PERSONAL NAME
Personal name kalpana, Gayakwad
9 (RLIN) 80834
942 ## - ADDED ENTRY ELEMENTS (KOHA)
Source of classification or shelving scheme Dewey Decimal Classification
Item type English Books
Classification part 027.7
Call number suffix GAY
Holdings
Withdrawn status Lost status Not for loan Collection code Home library Current library Date acquired Source of acquisition Cost, normal purchase price Full call number Barcode Copy number Cost, replacement price Koha item type
      Non-fiction Mobile Library Mobile Library 25/04/2025 DBAD 395.00 027.7 GAY EN-128293 1 395.00 English Books

© Delhi Public Library
Hit Counter
free hit counter